दीवान ए सहाय 02 (Record no. 1013320)

MARC details
000 -LEADER
fixed length control field 00834nam a2200253Ia 4500
003 - CONTROL NUMBER IDENTIFIER
control field OSt
005 - DATE AND TIME OF LATEST TRANSACTION
control field 20221005104633.0
008 - FIXED-LENGTH DATA ELEMENTS--GENERAL INFORMATION
fixed length control field 221004b |||||||| |||| 00| 0 hin d
020 ## - INTERNATIONAL STANDARD BOOK NUMBER
International Standard Book Number 8181433920 (hbk)
037 ## - SOURCE OF ACQUISITION
Terms of availability Textual
040 ## - CATALOGING SOURCE
Original cataloging agency CRL
Transcribing agency CRL
Language of cataloging hin
041 ## - LANGUAGE CODE
Source of code hin
Language code of text/sound track or separate title hin
245 #0 - TITLE STATEMENT
Title दीवान ए सहाय 02
Remainder of title शहरनामा
246 ## - VARYING FORM OF TITLE
Title proper/short title Dīvān e sahāya 02: shaharanāmā
260 ## - PUBLICATION, DISTRIBUTION, ETC.
Place of publication, distribution, etc. दिल्ली
Name of publisher, distributor, etc. वाणी प्रकाशन भारत
Date of publication, distribution, etc. 2005
300 ## - PHYSICAL DESCRIPTION
Extent 432पृ0
Dimensions cm.
650 ## - SUBJECT ADDED ENTRY--TOPICAL TERM
Topical term or geographic name entry element ़समाजशास्त्र
942 ## - ADDED ENTRY ELEMENTS (KOHA)
Classification part Y35v2, 152P5
Koha item type Textual
Source of classification or shelving scheme
Holdings
Withdrawn status Lost status Damaged status Not for loan Home library Current library Date acquired Source of acquisition Cost, normal purchase price Total Checkouts Full call number Barcode Date last seen Cost, replacement price Price effective from Koha item type
        Central Library Central Library 2022-10-05 462, 17/03/2011, Vani Prakashan 450.00   Y35v2 152P5 CL1450551 2022-10-05 450.00 2022-10-05 Textual
Copyright @ Delhi University Library System